000 01133cam a22003377a 4500
003 CHAP
005 20220329141110.0
008 980318d1983 de r 00010 eng d
010 _a62543
011 _a63515
035 _a67691
040 _cCHAP
090 _aR-3593
100 0 0 _aBen-Hayyim, Gozal.
_911503
245 1 0 _aStimulatory effect of glycerol on growth and somatic embryogenesis in citrus callus cultures
_c/by Gozal Ben-Hayyim and Hanna Neumann
500 _aFotocopia
500 _aSobretiro de : Z. Pflanzenphysiol. Bd. 110 : 331-337, 1983
590 _aBATCH-UPD
_b10
_c20130110
_lUCH01
_h0332
590 _aBATCH-UPD
_b10
_c20130110
_lUCH01
_h2033
590 _aBATCH-UPD
_b10
_c20130410
_lUCH01
_h0005
590 _aBATCH-UPD
_b10
_c20130410
_lUCH01
_h1548
590 _aBATCH-UPD
_b10
_c20130914
_lUCH01
_h0959
590 _aCONVERSION
_b10
_c20130109
_lUCH01
_h1334
650 1 4 _aCítricos
_xPropagación.
_924460
650 1 4 _aCultivo de tejidos.
_930213
650 1 4 _aGlicerina.
_948278
700 0 _aNeumann, Hanna.
_980932
901 _aBK
942 _cREIMP
949 _aR-3593
_bBC
_cR
_d676911
_eTS1
_i67691
_sb
999 _c62543
_d62543